Four Items or Fewer Quiz Stats

 Plays Quiz Updated Sep 7, 2016

Challenge
Share
Tweet
Embed
Score 0/16 Timer 05:00
0 Plays Today
% Correct
The Musketeers
75%
Countries with a 'Q'
72.7%
Lightswitch Settings
69%
Buddy the Elf's Food Groups
66.5%
Countries of Antarctica
66.2%
Countries Beginning with 'J'
64.1%
Wizard of Oz Wishes
58.9%
Things Meat Loaf Won't Do for Love
58.8%
% Correct
Greek Column Styles
57.7%
Things Mariah Carey Wants for Christmas
56.8%
Things U Can't Touch
55.4%
Lobes of the Brain
54.6%
Ayn Rand Novels
42.9%
Charlie Brown's Thanksgiving Dinner
36%
Samwise Gamgee's Potato Recipes
35.7%
Kyrgyzstan's Borders
26.4%

You're not logged in!

Compare scores with friends on all Sporcle quizzes.
Join for Free
OR
Log In

You Might Also Like...

Show Comments

Extras

Top Quizzes Today


Score Distribution

Your Account Isn't Verified!

In order to create a playlist on Sporcle, you need to verify the email address you used during registration. Go to your Sporcle Settings to finish the process.

Report this User

Report this user for behavior that violates our Community Guidelines.

Details: